Normal view
MARC view
Entry Topical Term
001 - CONTROL NUMBER
- control field: 45268
003 - CONTROL NUMBER IDENTIFIER
- control field: dpl
005 - DATE AND TIME OF LATEST TRANSACTION
- control field: 20120418113353.0
008 - FIXED-LENGTH DATA ELEMENTS
- fixed length control field: 120418|||a|||||| | ||| d
040 ## - CATALOGING SOURCE
- Original cataloging agency: dpl
- Transcribing agency: dpl
150 ## - HEADING--TOPICAL TERM
- Topical term or geographic name as entry element: Electric power systems
670 ## - SOURCE DATA FOUND
- Source citation: Work cat.: (dpl): 45189 Murty, P.S.R., Electrical power systems /, 2011
670 ## - SOURCE DATA FOUND
- Source citation: Work cat.: (dpl): 45189 Murty, P.S.R., Electrical power systems /, 2011
